Malezas de huertos frutales y vides: biología y control

Enregistré dans:
Détails bibliographiques
Auteur principal: Ormeño Núñez, Juan (autor)
Format: Livre
Langue:espagnol
Publié: Santiago INIA 2005
Santiago Ministerio de Agricultura 2005
Collection:Colección Libros INIA, 17
Sujets:
Tags: Ajouter un tag
Pas de tags, Soyez le premier à ajouter un tag!

MARC

LEADER 00000nam a2200000 a 4500
001 UCI7294
003 CL-VaPUC
005 20241017105343.0
008 080619e20050000cl |||||||||||||||||spa|d
999 |c 330617  |d 330615 
020 |a 9567016224 
040 |c Pontificia Universidad Católica de Valparaíso 
082 0 4 |a 632.5  |b ORM  |2 21 
100 |a Ormeño Núñez, Juan  |e autor  |9 531581 
245 1 0 |a Malezas de huertos frutales y vides: biología y control 
260 |a Santiago  |b INIA  |c 2005 
260 |a Santiago  |b Ministerio de Agricultura  |c 2005 
300 |a 113 p 
490 0 |a Colección Libros INIA, 17 
500 |a Contiene Guía de Campo 
583 |a last modification  |c 20171114 11:30:01  |k Rodrigo Vera 
650 0 |a Malezas  |9 264171  |x Frutales  |x Vides 
650 0 |a Fisiología de malezas   |9 892411 
650 0 |a Especies de malezas   |9 892416  |x Latifoliada  |x Gramíneas 
650 0 |a Control de malezas  |9 259684 
942 |c BK  |2 ddc 
945 |d 20080619 00:00:00  |a jtorresc 
952 |0 0  |1 0  |4 0  |6 632_500000000000000_ORM_2005_2005  |7 0  |8 A  |9 416249  |a BIBAGR  |b BIBAGR  |d 2019-11-22  |i 4450566  |l 4  |o 632.5 ORM 2005 2005  |p 4450566  |r 2025-04-10  |s 2025-04-03  |w 2019-11-22  |y BK  |k AGR 
952 |0 0  |1 0  |4 0  |6 632_500000000000000_ORM_2005_2005  |7 0  |8 A  |9 416250  |a BIBAGR  |b BIBAGR  |d 2019-11-22  |i 4450574  |l 1  |o 632.5 ORM 2005 2005  |p 4450574  |r 2025-01-20  |s 2024-03-11  |w 2019-11-22  |y BK  |k AGR